000 00725nam a2200241Ia 4500
003 OSt
005 20220918200617.0
006 a|||||r|||| 00| 0
007 ta
008 220917b |||||||| |||| 00| 0 eng d
024 _a89,507
037 _cTextual
040 _aARTS
_cARTS
_beng
041 _2eng
_aeng
082 _aU47.591C, K3
100 _aKolars John F
_994825
245 0 _aTradition season and change in a Turkish village
260 _c1963
490 _aUniversity of chicago department of geography research paper 82 Nasnrc foreign field research program report; 15
650 _aHUMAN GEOGRAPHY
_91464
942 _hU47.591C, K3
_cTEXL
_2CC
999 _c213177
_d213177